=LDR 00000nam 2200000 4500 =001 INLIS000000000021438 =005 20130612120311 =008 ***********************************Ind** =035 ##$$0010-061300000021438 =041 ##$$a Ind =082 ##$$a 657.07 =090 ##$$a 657.07, Par a =100 ##$$a PARHADI =245 ##$$a Akuntansi 2 Untuk SMU Kelas 2, Pribadi ; Wahyu Adi =260 ##$$a 1996 $b Surakarta =300 ##$$a vi, 130 hlm, Ilus, 30 cm =650 ##$$a Akuntansi - Studi dan Pengajaran =700 ##$$a Adi, Wahyu =850 ##$$a NBPNMAT =990 ##$$a 0001/BPAP-NTB/20142015 =990 ##$$a 0001/BPAP-NTB/2016